[Event "U20 Pan-American Chess Championship"]
[Site "Volta Redonda - Rio de Janeir"]
[Date "2023.11.08"]
[Round "4.12"]
[White "Nascimento, Nicolas Daniel Trin"]
[Black "Silva, Kaua Marques"]
[Result "1/2-1/2"]
[WhiteElo "1797"]
[BlackElo "2235"]
[PlyCount "198"]
[EventDate "2023.11.06"]
[EventRounds "9"]
[EventCountry "BRA"]

1. Nf3 Nf6 2. d4 e6 3. c4 d5 4. cxd5 exd5 5. Bf4 Bd6 6. Bxd6 Qxd6 7. e3 Bf5 8.
Bd3 Be4 9. Nc3 O-O 10. O-O Nbd7 11. Rc1 c6 12. Bxe4 dxe4 13. Nd2 Rfe8 14. h3
Nb6 15. a3 a5 16. Qb3 Qc7 17. Nc4 Nbd7 18. Rfd1 b5 19. Nd2 Qd6 20. Qc2 Qe7 21.
Ne2 Rac8 22. Nb3 a4 23. Nc5 Nb6 24. b3 axb3 25. Qxb3 Ra8 26. Nc3 Reb8 27. Ra1
Nbd7 28. Nxd7 Qxd7 29. Rdb1 Ra5 30. Qb4 Rba8 31. Ra2 g6 32. Rba1 Kg7 33. Qc5
Qe6 34. Qb4 R8a6 35. a4 Nd5 36. Nxd5 cxd5 37. Ra3 bxa4 38. Rxa4 Rxa4 39. Rxa4
Rb6 40. Qe1 Rb2 41. Rb4 Rc2 42. Rb1 Qc6 43. Qb4 Qf6 44. Rf1 h5 45. Qb3 Qc6 46.
Qb8 Qe6 47. Qb3 Qc6 48. Qb8 Qe6 49. Qb3 Rc4 50. Qb8 Qf5 51. Qd6 Rc2 52. Qb8 Rc6
53. Rb1 Rf6 54. Rf1 Qg5 55. Qd8 Qf5 56. Qb8 Kh7 57. Qc7 Qe6 58. Qb8 Rf5 59. Qg3
Qf6 60. Qc7 Qh4 61. Qd7 Kg7 62. Qc8 Qf6 63. Qc7 Kh7 64. Qb8 Rg5 65. Kh1 Rf5 66.
Kg1 Kg7 67. Qc7 g5 68. Qg3 Kg6 69. Qb8 Kh7 70. Qg3 Kg6 71. Qb8 Kg7 72. Qg3 Kh7
73. Qc7 g4 74. Qg3 Kg7 75. h4 Qd8 76. Rb1 Qc8 77. Qd6 Qe6 78. Qd8 Qf6 79. Qxf6+
Kxf6 80. Rb6+ Ke7 81. g3 Kd7 82. Rb5 Kc6 83. Rc5+ Kd6 84. Ra5 Rf6 85. Ra6+ Ke7
86. Rxf6 Kxf6 87. Kf1 Ke6 88. Ke2 Kd6 89. Kd2 Kc6 90. Kc2 Kb6 91. Kd1 Kb5 92.
Ke1 Kc4 93. Kf1 Kd3 94. Kg1 Kd2 95. Kh2 Ke1 96. Kg1 Ke2 97. Kg2 Kd2 98. Kh2 f6
99. Kh1 Ke1 1/2-1/2

[Event "U20 Pan-American Chess Championship"]
[Site "Volta Redonda - Rio de Janeir"]
[Date "2023.11.08"]
[Round "4.13"]
[White "Nascimento, Luiz Eduardo Da Tri"]
[Black "Da Fonseca Pinto, Joao Gabriel Alves"]
[Result "1/2-1/2"]
[WhiteElo "1877"]
[BlackElo "1762"]
[PlyCount "64"]
[EventDate "2023.11.06"]
[EventRounds "9"]
[EventCountry "BRA"]

1. e4 e5 2. Nf3 Nc6 3. Bb5 a6 4. Ba4 Nf6 5. d3 b5 6. Bb3 Be7 7. O-O d6 8. Bg5
Na5 9. h3 Nxb3 10. axb3 c5 11. Nbd2 Be6 12. c4 O-O 13. Qc2 h6 14. Be3 Nh7 15.
Nh2 f5 16. f4 fxe4 17. Nxe4 exf4 18. Rxf4 Rxf4 19. Bxf4 d5 20. Nf2 dxc4 21.
bxc4 bxc4 22. dxc4 Qd4 23. Re1 Qxf4 24. Rxe6 Bd6 25. Nf3 Ng5 26. Nxg5 hxg5 27.
Qe4 Qc1+ 28. Qe1 Qxe1+ 29. Rxe1 Rb8 30. Re2 Rb4 31. Ne4 Bf4 32. Nxc5 Rxc4
1/2-1/2

[Event "U20 Pan-American Chess Championship"]
[Site "Volta Redonda - Rio de Janeir"]
[Date "2023.11.08"]
[Round "4.14"]
[White "Errazola, Mauricio"]
[Black "Lima, Carlos Eduardo I De"]
[Result "1-0"]
[WhiteElo "1725"]
[BlackElo "1857"]
[PlyCount "118"]
[EventDate "2023.11.06"]
[EventRounds "9"]
[EventCountry "BRA"]

1. d4 d5 2. c4 c6 3. cxd5 cxd5 4. Nc3 Nf6 5. Bf4 a6 6. e3 e6 7. Bd3 Nc6 8. Rc1
Qb6 9. Qd2 Bd7 10. Nf3 Nh5 11. Bg5 h6 12. Bh4 g5 13. Bg3 Nxg3 14. hxg3 Bg7 15.
Na4 Qb4 16. Nc5 Rb8 17. Qxb4 Nxb4 18. Bb1 b6 19. Nxd7 Kxd7 20. a3 Rbc8 21. Rxc8
Rxc8 22. Kd2 Nc6 23. Rc1 Rf8 24. Bd3 b5 25. Rc5 Rb8 26. g4 Kd6 27. b4 e5 28.
dxe5+ Bxe5 29. Rxc6+ Kxc6 30. Nxe5+ Kc7 31. Nxf7 Rb6 32. Bf5 Rf6 33. Ne5 Kd6
34. Nd3 h5 35. f3 hxg4 36. Bxg4 Rf8 37. Nc5 Ra8 38. Kd3 a5 39. Nb7+ Kc6 40.
Nxa5+ Kb6 41. Kd4 Rh8 42. Kxd5 Rh1 43. e4 Rd1+ 44. Ke6 Ra1 45. e5 Rxa3 46. Kf7
Ra4 47. e6 Rxb4 48. e7 Kxa5 49. e8=Q Rc4 50. Qa8+ Kb4 51. Bd7 Rc5 52. Qe4+ Kc3
53. Qe3+ Kc4 54. Qc1+ Kd4 55. Qb2+ Kc4 56. Be6+ Kd3 57. Qb4 Re5 58. Kf6 Re2 59.
Qxb5+ Ke3 1-0

[Event "U20 Pan-American Chess Championship"]
[Site "Volta Redonda - Rio de Janeir"]
[Date "2023.11.08"]
[Round "4.16"]
[White "Seccafim, Caic Dos Santos"]
[Black "Reyes Zavaleta, Sergio Gabriel"]
[Result "1-0"]
[WhiteElo "2062"]
[BlackElo "1287"]
[PlyCount "48"]
[EventDate "2023.11.06"]
[EventRounds "9"]
[EventCountry "BRA"]

1. Nf3 e6 2. b3 c5 3. Bb2 Nf6 4. e3 d5 5. d4 Nc6 6. a3 Be7 7. Bd3 b6 8. Nbd2
Bb7 9. O-O cxd4 10. exd4 Bd6 11. Ne5 Bxe5 12. dxe5 Nd7 13. Re1 Ne7 14. Qg4 g6
15. Nf3 h5 16. Qg3 Nc5 17. Bb5+ Bc6 18. Nd4 Bxb5 19. Nxb5 Nf5 20. Qf4 g5 21.
Qf3 Nh4 22. Qd1 Nf5 23. Nd6+ Nxd6 24. exd6 Qxd6 1-0